Kia to už myslí s kvalitou vážne
Situácia v tretej slovenskej automobilke Kia Motors Slovakia. Na každé nové auto záruka sedem rokov. Vysoké požiadavky na kvalitu. Pozornosť kvalite práce dodávateľov. Kvalitári kontrolujú auto v rôznych fázach výroby. Hotové auto sa kontroluje ešte aj pred expedíciou. Kvalifikácia a zácvik výrobnýc...
Saved in:
| Main Author: | |
|---|---|
| Format: | Book Chapter |
| Language: | Slovak |
| Subjects: | |
| Tags: |
No Tags, Be the first to tag this record!
|
MARC
| LEADER | 00000naa$a2200000$$$4500 | ||
|---|---|---|---|
| 001 | 0050140 | ||
| 005 | 20231009084408.1 | ||
| 041 | 0 | |a slo | |
| 044 | |a SK | ||
| 245 | 1 | 0 | |a Kia to už myslí s kvalitou vážne |c Martin Jesný |
| 520 | |a Situácia v tretej slovenskej automobilke Kia Motors Slovakia. Na každé nové auto záruka sedem rokov. Vysoké požiadavky na kvalitu. Pozornosť kvalite práce dodávateľov. Kvalitári kontrolujú auto v rôznych fázach výroby. Hotové auto sa kontroluje ešte aj pred expedíciou. Kvalifikácia a zácvik výrobných pracovníkov. Personálna politika, výhody zamestnancov. | ||
| 610 | 2 | 0 | |a priemysel automobilový |
| 610 | 2 | 0 | |a automobily |
| 610 | 2 | 0 | |a kvalita výrobkov |
| 610 | 2 | 0 | |a politika personálna |
| 610 | 2 | 0 | |a Slovensko |
| 100 | 1 | |a Jesný, Martin | |